1074 1704 1185 1231 1101 1208 1075 1498 1833 1551 1365 1555 1046 1186 1170 1789 1420 1142 1286 1497 1300 1244 1338 1557 1980 1280 1774 1970 1737 1962 1280 1152 1242 1306 1668 1916 1508 1344 1903 1016 1007 1226 1132 1602 1352 1777 1314 1333 1223 1084 1442 1859 1160 1796 1102 1945 1110 1892 1367 1112 1057 1352 1819 1927 1325 1933 1010 1717 1994 1234 1325 1207 1351 1678 1592 1438 1681 1019 1476 1541 1958 1569 1266 1139 1799 1356 1553 1559 1662 1623 1028 1902 1851 1208 1869 1129 1223 1794 1985 BCNSPRNW ULIB Ver.6.0+V

เปลี่ยนเป็นภาษาไทย

Change to English
 แสดงรายละเอียดบรรณานุกรม
  กลับหน้าหลัก

Brief Record : Get Marc (ISO 2709) : E-mail record : QR code < ปิดหน้าต่าง
LEADER : 00000nam 2200000uu 4500
001    13399111366
003     ULIB
008    110623s||||||||th 000 0 tha d
020    9749524950
050  4 BJ1618.T35^bส652ส 2546
245 00 สู่ความสำเร็จ หลักการ รู้จักตนเอง รู้จักผู้อื่น รู้จักธรรมชาติในมิติแห่งคริสต์ศาสนา /^cเรียบเรียงโดยคณะทำงานจัดทำแนวทางการพัฒนาคุณธรรม/จริยธรรมในมิติแห่งคริสต์ศาสนา
260    กรุงเทพฯ :^bห้างหุ้นส่วนจำกัด ภาพพิมพ์,^c2546
300    102 หน้า
650  4 คริสตศาสนา
650  4 ความสำเร็จ
650  4 การดำเนินชีวิต
710 2  คณะทำงานจัดทำแนวทางการพัฒนาคุณธรรม/จริยธรรมในมิติแห่งคริสต์ศาสนา
945    ^p0^l0^i016012
995    ทศพร
999 ^a ใช้งานได้ทุกระบบ
รายการนี้ยังไม่มีแท็ก
คุณยังไม่ได้ล็อกอิน คุณสามารถมีกิจกรรมร่วมกับเว็บไซต์ได้ แต่ต้องล็อกอินก่อน ::
  ล็อกอิน

รายการสื่อสารสนเทศ

ลำดับที่ ประเภท เลขเรียก/บาร์โค้ด สถานที่ สถานะ
- ไม่พบข้อมูล -

รายการใกล้เคียง
    หัวเรื่อง [คริสตศาสนา]
    หัวเรื่อง [ความสำเร็จ]
    หัวเรื่อง [การดำเนินชีวิต]

BibComment


ยังไม่เคยถูกคอมเมนท์

คอมเมนท์ทรัพยากรรายการนี้
  คอมเมนท์: สู่ความสำเร็จ หลั..


 Copyright 2026. Bcnsprnw @Library